[Event "Fyli op 5th"]
[Site "Fyli"]
[Date "2012.10.20"]
[Round "6"]
[White "Leonida, Efrosini"]
[Black "Tsoukarakis, Dimitrios"]
[Result "1/2-1/2"]
[WhiteElo "1010"]
[BlackElo "1015"]
[PlyCount "123"]
[EventDate "2012.09.15"]
[EventType "swiss"]
[EventRounds "7"]
[EventCountry "GRE"]
[SourceTitle "EXT 2014"]
[Source "ChessBase"]
[SourceDate "2013.11.20"]
[SourceVersion "1"]
[SourceVersionDate "2013.11.20"]
[SourceQuality "1"]

1. d4 d5 2. c4 e6 3. Nc3 Bb4 4. Nf3 Bxc3+ 5. bxc3 dxc4 6. e4 Bd7 7. Bxc4 b5 8. Bg5 Nf6 9. Bd3 0-0 10. 0-0 Nc6 11. Re1 e5 12. Bxb5 exd4 13. Nxd4 Bg4 14. Qd3 Nxd4 15. Bc6 Nxc6 16. Qc4 Na5 17. Qa6 Nc4 18. Qxc4 Qe8 19. Rab1 Be6 20. Qxc7 Bxa2 21. Rb2 Rc8 22. Qa5 Nxe4 23. Rxa2 Qe6 24. Rae2 f5 25. Qxa7 Rf7 26. Qd4 Rc4 27. Qd3 Rd7 28. Qh3 Nxg5 29. Qh5 Qg6 30. Re8+ Kf7 31. Qe2 Re4 32. Qb5 Rde7 33. Rd1 Rxe8 34. f3 R4e5 35. Qb7+ R8e7 36. Qd5+ R5e6 37. f4 Ke8 38. fxg5 Rd6 39. Qg8+ Kd7 40. Rb1 Qe6 41. Rb7+ Kc6 42. Rxe7 Qxe7 43. Qc8+ Kd5 44. c4+ Kd4 45. Kf2 Qe3+ 46. Kf1 Kd3 47. Qxf5+ Kd2 48. g3 Qe2+ 49. Kg1 Ra6 50. Qb1 Qd1+ 51. Qxd1+ Kxd1 52. c5 Rc6 53. Kf2 Rxc5 54. Ke3 Rxg5 55. Kf4 Rh5 56. h4 h6 57. Kg4 g6 58. Kf4 g5+ 59. Kg4 Rxh4+ 60. gxh4 gxh4 61. Kxh4 h5 62. Kxh5 1/2-1/2

[Event "Fyli op 5th"]
[Site "Fyli"]
[Date "2012.09.15"]
[Round "1"]
[White "Sevaslidis, Vasilios Panagiotis"]
[Black "Leonida, Efrosini"]
[Result "1-0"]
[WhiteElo "1005"]
[BlackElo "1010"]
[PlyCount "45"]
[EventDate "2012.09.15"]
[EventType "swiss"]
[EventRounds "7"]
[EventCountry "GRE"]
[SourceTitle "EXT 2014"]
[Source "ChessBase"]
[SourceDate "2013.11.20"]
[SourceVersion "1"]
[SourceVersionDate "2013.11.20"]
[SourceQuality "1"]

1. e4 e5 2. Nf3 Nc6 3. Nc3 Nf6 4. Bc4 Bc5 5. 0-0 d6 6. d3 0-0 7. Bg5 Bg4 8. Qd2 Rb8 9. d4 Bb4 10. dxe5 dxe5 11. Qe3 a6 12. Bh6 Bh3 13. Qg5 g6 14. Nxe5 Re8 15. Bxf7+ Kh8 16. Nxg6+ hxg6 17. Qxg6 Bf8 18. Rad1 Qe7 19. Rd5 Be6 20. Rg5 Bxf7 21. Bg7+ Kg8 22. Qh6 Bxg7 23. Qxg7# 1-0

[Event "Fyli op 2nd"]
[Site "Fyli"]
[Date "2011.05.13"]
[Round "4"]
[White "Leonida, Efrosini"]
[Black "Sevaslidis, Vasilios Panagiotis"]
[Result "0-1"]
[WhiteElo "1005"]
[BlackElo "1005"]
[PlyCount "72"]
[EventDate "2011.04.15"]
[EventType "swiss"]
[EventRounds "7"]
[EventCountry "GRE"]
[SourceTitle "EXT 2013"]
[Source "ChessBase"]
[SourceDate "2012.11.22"]
[SourceVersion "1"]
[SourceVersionDate "2012.11.22"]
[SourceQuality "1"]

1. e4 e5 2. Nf3 Nc6 3. Nc3 Nf6 4. Bc4 Bc5 5. d3 d6 6. Bg5 Bg4 7. 0-0 0-0 8. h3 Bh5 9. Nd5 Bxf3 10. Qxf3 Qe8 11. Nxc7 Nd4 12. Qd1 Qd8 13. Ne6 Nxe6 14. Bd2 d5 15. exd5 Nxd5 16. Qf3 Nd4 17. Qg4 Nxc2 18. Rac1 Nf6 19. Qf3 Nd4 20. Qxb7 Rb8 21. Qa6 Rxb2 22. Bc3 Ne2+ 23. Kh1 Rb6 24. Qxa7 Rc6 25. Rc2 Bxa7 26. Rxe2 e4 27. Rc1 exd3 28. Rd2 Ne4 29. Rdd1 Nxf2+ 30. Kg1 Nxd1+ 31. Kh1 Rxc4 32. Rxd1 Rxc3 33. Rb1 d2 34. Rd1 Qd5 35. a4 Rg3 36. Kh2 Qxg2# 0-1